Canals and waterways
| Main Author: | |
|---|---|
| Format: | Book |
| Published: |
London :
Watts Books ,
1993
|
| Series: | Technology topics
|
| Subjects: |
MARC
| LEADER | 00000cam a2200000 7i4500 | ||
|---|---|---|---|
| 001 | 0000007601 | ||
| 002 | 000008164 | ||
| 005 | 20000330.0 | ||
| 020 | |a 0749615710 | ||
| 090 | 0 | 0 | |a J 600 |b OXL |
| 100 | 1 | |a Oxlade, Chris | |
| 245 | 1 | 0 | |a Canals and waterways |c Chris Oxlade |
| 260 | |a London : |b Watts Books , |c 1993 | ||
| 300 | |a 32 p. : |b ill. ; |c 25 cm. | ||
| 490 | 0 | |a Technology topics | |
| 650 | 0 | 0 | |a Transportation |x Juvenile literature |
| 999 | |a 052534 |b BUKU |c PINJAMAN |e PERPUSTAKAAN KOMUNITI PETALING JAYA | ||